Normal view
MARC view
- Heidegger, Martin,
Entry Nombre Personal
001 - NUMERO DE CONTROL
- campo de control: 16058
003 - IDENTIFICADOR DE NUMERO DE CONTROL
- campo de control: MX-MxUPN
005 - FECHA Y HORA DE LA ÜLTIMA TRANSACCIÓN
- campo de control: 20230522183524.0
008 - DATOS DE LONGITUD FIJA
- campo de control de longitud fija: 230522nn fcznnbaba n ana |d
035 ## - NUMERO DE CONTROL
- Número de control: UPN10000016066
040 ## - FUENTE DE CATALOGACIÓN
- Lenguaje de catalogación: spa
- Agencia original de catalogación: MX-MxUPN
053 #4 - NÚMERO DE CLASIFICACIÓN LC
- Número de clasificación elemento-número único o número inicial de tramo: B3279 H4.9
100 1# - ENCABEZAMIENTO - NOMBRE PERSONAL
- Nombre personal: Heidegger, Martin,
- Fechas asociadas con el nombre: 1889-1976
- Subdivisión temática general : Crítica e interpretación
670 ## - FUENTE EN LA QUE SE LOCALIZARON DATOS
- Cita de la fuente: T/P
- Información localizada: Salvat universal
902 ## - CATALOGADOR
- Catalogador: BEC/031097
